Countries Most Likely to start WW3 2017 - Statistics

General Stats
  • This quiz has been taken 955 times
    901 since last reset
  • The average score is 8 of 11
Answer Stats
Hint Answer % Correct
North America USA
99%
Europe Russia
97%
Asia China
96%
Asia North Korea
89%
Asia Iran
79%
Asia India
78%
Asia Pakistan
69%
Europe Ukraine
68%
Asia Syria
58%
Asia Turkey
56%
Asia Israel
53%
No matching quizzes found
Score Distribution
Percent of People with Each Score
Percentile by Number Answered
Your Score History
You have not taken this quiz since the last reset